| 000 | 00415nam a2200109Ia 4500 | ||
|---|---|---|---|
| 008 | 171204s9999 xx 000 0 und d | ||
| 245 | _aLeading In Health Care Organizations: Improving Safety, Satisfaction, And Financial Performance | ||
| 245 | _cGrant T. Savage and Hannes Leroy | ||
| 260 | _c2013 | ||
| 650 | _xFINANCIAL MANAGEMENT 1-2 | ||
| 856 | _uhttp://down.ebook777.com/016/LeaInHeaCarOrgImpSafSatAndFinPer.pdf | ||
| 999 |
_c346958 _d346958 |
||